[Event "XIV Corsicoscacchi FIDE"]
[Site "Corsico ITA"]
[Date "1997.10.11"]
[Round "4"]
[White "Ubezio, Marco"]
[Black "Marcoli, Paolo"]
[Result "1-0"]
[WhiteElo "2185"]
[BlackElo "2185"]
[PlyCount "111"]
[EventDate "1997.10.04"]

1. d4 Nf6 2. Bg5 Ne4 3. Bf4 c5 4. f3 Nf6 5. dxc5 Qa5+ 6. Qd2 Qxc5 7. e4 Nc6 8.
Be3 Qb4 9. Nc3 a6 10. g4 e6 11. a3 Qa5 12. Qf2 Qc7 13. Bb6 Qb8 14. Nge2 d6 15.
Ng3 Be7 16. g5 Nd7 17. Be3 b5 18. f4 Qc7 19. Be2 Bb7 20. f5 Nce5 21. Nh5 g6 22.
Ng7+ Kf8 23. Nxe6+ fxe6 24. fxe6+ Kg7 25. exd7 Rhf8 26. Qh4 Qxd7 27. O-O-O Kg8
28. Qg3 Rac8 29. Qxe5 Rxc3 30. Qxc3 Bxe4 31. Rd4 Bxh1 32. Bg4 Rf1+ 33. Kd2 Rf5
34. Qd3 d5 35. h4 Qe6 36. Bxf5 gxf5 37. Rf4 Be4 38. Qd4 Bd6 39. Rf1 Be5 40. Qb6
Qc8 41. Qc5 Qe8 42. Bd4 f4 43. Bxe5 Qxe5 44. Qc8+ Kg7 45. Qd7+ Kg6 46. Qc6+ Kh5
47. Qf6 Qc7 48. c3 f3 49. Qh6+ Kg4 50. Rg1+ Kh3 51. Qe6+ Kh2 52. Qg4 Bf5 53.
Qd4 Kh3 54. Rh1+ Kg3 55. Qg1+ Kf4 56. Qh2+ 1-0

[Event "XIV Corsicoscacchi FIDE"]
[Site "Corsico ITA"]
[Date "1997.10.12"]
[Round "5"]
[White "Berra, Davide"]
[Black "Bozzali, Ermanno"]
[Result "1/2-1/2"]
[WhiteElo "2155"]
[BlackElo "2200"]
[PlyCount "81"]
[EventDate "1997.10.04"]

1. d4 Nf6 2. Nf3 g6 3. Bg5 Bg7 4. Nbd2 d5 5. e3 O-O 6. Bd3 c5 7. c3 Nc6 8. O-O
h6 9. Bh4 g5 10. Bg3 Nh5 11. Ne5 Nxg3 12. Nxc6 bxc6 13. fxg3 Qb6 14. Qb3 c4 15.
Qxb6 axb6 16. Bc2 f5 17. b3 cxb3 18. axb3 Bd7 19. b4 e6 20. Nb3 Rfc8 21. Bd3
Bf8 22. Ra6 Rxa6 23. Bxa6 Ra8 24. Ra1 Bd6 25. Kf2 Kf7 26. Bd3 Rxa1 27. Nxa1 c5
28. bxc5 bxc5 29. c4 cxd4 30. exd4 dxc4 31. Bxc4 Ba4 32. Nb3 Bxb3 33. Bxb3 Kf6
34. Ke3 g4 35. Bc4 Bc7 36. Bb3 h5 37. Ba4 Bb6 38. Kd3 e5 39. dxe5+ Kxe5 40. Be8
Bg1 41. Ke2 1/2-1/2

[Event "XIV Corsicoscacchi FIDE"]
[Site "Corsico ITA"]
[Date "1997.10.12"]
[Round "5"]
[White "Castaldo, Folco"]
[Black "Tencati, Giuseppe"]
[Result "1/2-1/2"]
[WhiteElo "2170"]
[BlackElo "2035"]
[PlyCount "67"]
[EventDate "1997.10.04"]

1. e4 e6 2. d4 d5 3. Nd2 Nf6 4. e5 Nfd7 5. Bd3 c5 6. c3 Nc6 7. Ne2 cxd4 8. cxd4
Qb6 9. O-O Nxd4 10. Nxd4 Qxd4 11. Nf3 Qb6 12. Qa4 Qb4 13. Qc2 h6 14. a3 Qb6 15.
b4 Be7 16. Be3 Qd8 17. Rfc1 O-O 18. Qd2 f6 19. exf6 Bxf6 20. Nd4 Ne5 21. Bb1
Bd7 22. Ra2 Rc8 23. Rac2 Nc4 24. Qd3 Nxe3 25. Rxc8 Bxc8 26. Qh7+ Kf7 27. Qg6+
Ke7 28. fxe3 Qb6 29. Nc2 Bd7 30. Kh1 Bb2 31. Re1 Kd8 32. h3 Qa6 33. Kg1 Qb6 34.
Kh1 1/2-1/2

[Event "XIV Corsicoscacchi FIDE"]
[Site "Corsico ITA"]
[Date "1997.10.12"]
[Round "5"]
[White "Everet, Alexandro"]
[Black "Sbarra, Marco"]
[Result "1/2-1/2"]
[WhiteElo "2225"]
[BlackElo "2280"]
[PlyCount "82"]
[EventDate "1997.10.04"]

1. e4 c5 2. Nf3 Nc6 3. c3 d5 4. d3 dxe4 5. dxe4 Qxd1+ 6. Kxd1 Nf6 7. Bd3 Bg4 8.
Ke2 O-O-O 9. Be3 e6 10. Nbd2 Ne5 11. Bc2 Be7 12. h3 Bh5 13. g4 Nxf3 14. Nxf3
Bg6 15. Nd2 Nd5 16. f4 Nxe3 17. Kxe3 e5 18. Rad1 exf4+ 19. Kxf4 Bd6+ 20. Ke3
Rhe8 21. Nc4 Bc7 22. Rxd8+ Rxd8 23. Rd1 Rxd1 24. Bxd1 b5 25. Nd2 f6 26. Be2 Be8
27. Nf3 Bc6 28. g5 Bd8 29. gxf6 Bxf6 30. e5 Be7 31. Bd3 g6 32. Kf4 Kd7 33. Ng5
c4 34. Be2 Bxg5+ 35. Kxg5 Ke6 36. Kh6 Kxe5 37. Kxh7 Kf6 38. Kh6 g5 39. Bg4 Be8
40. Kh7 Bg6+ 41. Kh6 Be8 1/2-1/2

[Event "XIV Corsicoscacchi FIDE"]
[Site "Corsico ITA"]
[Date "1997.10.12"]
[Round "5"]
[White "Marcoli, Paolo"]
[Black "Ricca, Roberto"]
[Result "1/2-1/2"]
[WhiteElo "2185"]
[BlackElo "2145"]
[PlyCount "176"]
[EventDate "1997.10.04"]

1. e4 e5 2. Bc4 Nc6 3. c3 Nf6 4. Qe2 Na5 5. Bb5 a6 6. Ba4 b5 7. Bc2 c5 8. Nf3
Nc6 9. d4 cxd4 10. cxd4 Bb4+ 11. Nbd2 exd4 12. e5 O-O 13. O-O Re8 14. Qd3 Nxe5
15. Nxe5 Rxe5 16. Nf3 Rh5 17. Qxd4 Bc5 18. Qf4 d5 19. h3 Bd6 20. Qd4 Qc7 21.
Bb3 Bc5 22. Qf4 Qb6 23. Be3 Bxe3 24. Qxe3 Qxe3 25. fxe3 Be6 26. Rac1 Rc8 27.
Rxc8+ Bxc8 28. Rc1 Bd7 29. Rc7 Kf8 30. Ra7 Ke7 31. Rxa6 Ne4 32. Bc2 Nc5 33. Rb6
Na4 34. Rb7 Kd6 35. b3 Nc5 36. Rb8 Ne4 37. a4 bxa4 38. bxa4 Rh6 39. Rb6+ Kc5
40. Rxh6 gxh6 41. Ne5 Be6 42. Nd3+ Kc4 43. Nf4 Bd7 44. Bd3+ Kc5 45. a5 Nf6 46.
Kf2 Bb5 47. a6 Bc6 48. Ne2 Kb6 49. Kg3 Ne4+ 50. Bxe4 dxe4 51. Kf4 Kxa6 52. Nc3
Kb6 53. Nxe4 Kc7 54. g4 Kd8 55. Nf6 Ke7 56. Ng8+ Ke6 57. Nxh6 f6 58. h4 Ba4 59.
e4 Bc2 60. Nf5 Ba4 61. g5 Bd1 62. Nd4+ Kf7 63. Kf5 fxg5 64. Kxg5 Ba4 65. e5 Kg7
66. Ne6+ Kf7 67. Nf4 Bc2 68. Kg4 Bb1 69. Kf3 Ke7 70. Ke3 Bc2 71. Kd4 Bf5 72.
Kd5 Bb1 73. e6 Ba2+ 74. Ke5 Bb3 75. h5 Bc2 76. h6 Bb3 77. Ng6+ Ke8 78. Kf6 Bc2
79. Ne5 Bb1 80. Nc4 Bg6 81. Ne3 Kf8 82. Ke5 Kg8 83. Kd6 Bb1 84. Nd5 Bg6 85. Ke7
Bf5 86. Nf6+ Kh8 87. Nh5 Bxe6 88. Kxe6 Kg8 1/2-1/2

[Event "XIV Corsicoscacchi FIDE"]
[Site "Corsico ITA"]
[Date "1997.10.12"]
[Round "5"]
[White "Mariano, Elia"]
[Black "Ubezio, Marco"]
[Result "1/2-1/2"]
[WhiteElo "2145"]
[BlackElo "2185"]
[PlyCount "137"]
[EventDate "1997.10.04"]

1. d4 Nf6 2. c4 c6 3. Nc3 d5 4. Nf3 g6 5. cxd5 cxd5 6. Bf4 Nc6 7. e3 Bg7 8. Bd3
O-O 9. O-O Nh5 10. Bg3 Nxg3 11. hxg3 e5 12. dxe5 Nxe5 13. Be2 Nxf3+ 14. Bxf3 d4
15. exd4 Bxd4 16. Qd2 Bg7 17. Rad1 Qxd2 18. Rxd2 Bxc3 19. bxc3 Rb8 20. Rfd1 Be6
21. Bd5 Bxd5 22. Rxd5 Rfc8 23. R1d3 Rc7 24. Rd7 Rbc8 25. Rxc7 Rxc7 26. Kf1 Kf8
27. Re3 Rc5 28. Ke1 Rb5 29. Rd3 Rb1+ 30. Ke2 Ke7 31. Rd2 b6 32. Kd3 Rg1 33. f3
Re1 34. Kc4 Re5 35. g4 Rc5+ 36. Kb4 h5 37. gxh5 Rxh5 38. Kc4 Rc5+ 39. Kb4 g5
40. Rd4 f5 41. g3 Ke6 42. Rd8 Ra5 43. a4 Rc5 44. Re8+ Kf7 45. Rd8 a5+ 46. Kb3
Re5 47. Kc2 b5 48. axb5 Rxb5 49. Ra8 Ke6 50. Ra6+ Ke7 51. Kd3 Rd5+ 52. Kc4 Rd2
53. Rxa5 Ke6 54. Ra6+ Ke5 55. Rg6 Rf2 56. Rxg5 Rxf3 57. Rg6 Rf1 58. Kc5 Ke4 59.
Rg5 Rc1 60. Kc4 Rg1 61. Kb3 Rb1+ 62. Kc2 Rf1 63. Rg8 Rg1 64. Rg5 Rf1 65. c4 Kd4
66. Kd2 Rf2+ 67. Ke1 Ke3 68. Kd1 Kd3 69. Ke1 1/2-1/2

[Event "XIV Corsicoscacchi FIDE"]
[Site "Corsico ITA"]
[Date "1997.10.12"]
[Round "5"]
[White "Moratto, Davide"]
[Black "Bevilacqua, Maurizio"]
[Result "0-1"]
[WhiteElo "2030"]
[BlackElo "2140"]
[PlyCount "54"]
[EventDate "1997.10.04"]

1. e4 c5 2. Nf3 d6 3. Bb5+ Bd7 4. Bxd7+ Qxd7 5. O-O Nc6 6. c3 Nf6 7. d4 Nxe4 8.
Qe2 Nf6 9. dxc5 dxc5 10. Rd1 Qc8 11. Na3 e6 12. Bf4 Be7 13. Rd2 O-O 14. Rad1 b6
15. Nc4 Qb7 16. Nd6 Bxd6 17. Bxd6 Rfe8 18. h3 Rad8 19. g4 h6 20. g5 hxg5 21.
Nxg5 Ne7 22. f3 Nf5 23. Kf2 Nxd6 24. Rxd6 Rxd6 25. Rxd6 Qb8 26. Rd1 Qh2+ 27.
Ke1 Qg3+ 0-1

[Event "XIV Corsicoscacchi FIDE"]
[Site "Corsico ITA"]
[Date "1997.10.12"]
[Round "6"]
[White "Bosio, Devis"]
[Black "Sbarra, Marco"]
[Result "1/2-1/2"]
[WhiteElo "1951"]
[BlackElo "2280"]
[PlyCount "39"]
[EventDate "1997.10.04"]

1. e4 c5 2. Nf3 Nc6 3. c3 d6 4. d4 Nf6 5. Bd3 cxd4 6. cxd4 g6 7. Qb3 Bg7 8. O-O
O-O 9. h3 Nd7 10. Be3 e5 11. d5 Nd4 12. Bxd4 exd4 13. Nbd2 f5 14. Qc2 Nc5 15.
Rac1 Nxd3 16. Qxd3 fxe4 17. Nxe4 Qa5 18. Qb3 d3 19. Nxd6 Bxh3 20. Nxb7 1/2-1/2

[Event "XIV Corsicoscacchi FIDE"]
[Site "Corsico ITA"]
[Date "1997.10.12"]
[Round "6"]
[White "Everet, Alexandro"]
[Black "Mariano, Elia"]
[Result "1-0"]
[WhiteElo "2225"]
[BlackElo "2145"]
[PlyCount "79"]
[EventDate "1997.10.04"]

1. e4 c6 2. d4 d5 3. exd5 cxd5 4. Bd3 Nc6 5. c3 Nf6 6. Ne2 Bg4 7. O-O e6 8. Bf4
Bd6 9. Bxd6 Qxd6 10. Na3 a6 11. Nc2 O-O 12. Ne3 Ne7 13. f4 g6 14. h3 Bxe2 15.
Qxe2 Nh5 16. Qf3 f5 17. g3 b5 18. Nc2 Nc6 19. Rae1 Rae8 20. Kg2 Kh8 21. Rf2 Qb8
22. Rfe2 Ng7 23. Na1 Na5 24. b4 Nb7 25. Nb3 Nd6 26. Nc5 Qc8 27. a4 Ne4 28. axb5
Nxc3 29. bxa6 Nxe2 30. Qxe2 Re7 31. b5 Qb8 32. Qb2 Nh5 33. b6 g5 34. b7 gxf4
35. Re5 Rg7 36. Qb6 Rxg3+ 37. Kf2 Rf6 38. a7 Rg2+ 39. Ke1 Rg1+ 40. Kd2 1-0

[Event "XIV Corsicoscacchi FIDE"]
[Site "Corsico ITA"]
[Date "1997.10.12"]
[Round "6"]
[White "Ricca, Roberto"]
[Black "Castaldo, Folco"]
[Result "1/2-1/2"]
[WhiteElo "2145"]
[BlackElo "2170"]
[PlyCount "133"]
[EventDate "1997.10.04"]

1. f4 d5 2. Nf3 g6 3. g3 Bg7 4. Bg2 Nh6 5. O-O O-O 6. d3 d4 7. Qe1 c5 8. h3 Nc6
9. Na3 f6 10. e4 Nf7 11. g4 e5 12. f5 g5 13. h4 h6 14. Qg3 a6 15. Rf2 b5 16.
Bf1 Bd7 17. Bd2 Rc8 18. hxg5 hxg5 19. Rh2 Nh6 20. Be2 Kf7 21. Kg2 Ke8 22. Rah1
Nf7 23. Rh7 Rg8 24. R1h3 Qe7 25. Nh2 Kd8 26. Nf1 Kc7 27. Qe1 Kb7 28. Ng3 Bf8
29. Nh5 Rc7 30. c4 Nb4 31. Bd1 Rh8 32. Rxh8 Nxh8 33. Bb3 Nf7 34. Nb1 Be8 35. a3
Nc6 36. cxb5 axb5 37. Bd5 Nh6 38. Qd1 Bf7 39. Qb3 Kb6 40. Bxf7 Qxf7 41. Qxf7
Rxf7 42. Kf3 c4 43. Rh1 cxd3 44. Rd1 Be7 45. Be1 Na5 46. Bxa5+ Kxa5 47. Rxd3
Rf8 48. Nd2 Rc8 49. Nb3+ Ka4 50. Nxd4 exd4 51. Rxd4+ Kb3 52. Rd7 Ng8 53. Rb7
Kc4 54. e5 fxe5 55. Ke4 Nf6+ 56. Kxe5 Nxg4+ 57. Ke6 Bc5 58. f6 Rh8 59. Kf5 Rxh5
60. Kxg4 Rh2 61. b3+ Kxb3 62. Rxb5+ Kc4 63. a4 Rg2+ 64. Kf5 Be3 65. f7 Rf2+ 66.
Kg6 g4 67. Rf5 1/2-1/2

[Event "XIV Corsicoscacchi FIDE"]
[Site "Corsico ITA"]
[Date "1997.10.12"]
[Round "6"]
[White "Tencati, Giuseppe"]
[Black "Bevilacqua, Maurizio"]
[Result "1/2-1/2"]
[WhiteElo "2035"]
[BlackElo "2140"]
[PlyCount "187"]
[EventDate "1997.10.04"]

1. d4 Nf6 2. c4 e6 3. Nc3 Bb4 4. Qc2 O-O 5. Nf3 c5 6. e3 cxd4 7. exd4 d5 8. Bg5
Nc6 9. a3 Be7 10. Rd1 b6 11. cxd5 Nxd5 12. Nxd5 Qxd5 13. Bc4 Qa5+ 14. Bd2 Qh5
15. Bc3 Bf6 16. O-O Ne7 17. Ne5 Bb7 18. f4 Bxe5 19. dxe5 Nd5 20. Rf3 h6 21.
Rdf1 Rac8 22. Ba2 Nxc3 23. Rxc3 Rxc3 24. bxc3 Rd8 25. f5 Qg5 26. Rf2 exf5 27.
e6 fxe6 28. Bxe6+ Kh8 29. Bxf5 Qe3 30. h3 Ba6 31. Kh2 Rf8 32. Rf3 Qe5+ 33. Kh1
Bb7 34. Be4 Rxf3 35. Bxf3 Bxf3 36. gxf3 Qg3 37. Qf5 Qe1+ 38. Kh2 Qxc3 39. Qf8+
Kh7 40. Qf5+ Kg8 41. Qe6+ Kh7 42. Qe4+ g6 43. a4 h5 44. h4 Qf6 45. Kg2 Kg7 46.
Qb7+ Qf7 47. Qe4 Qc7 48. Qd4+ Kh7 49. Qe4 a6 50. Qe6 Qb7 51. Qc4 b5 52. axb5
axb5 53. Qb4 Kg7 54. Qd4+ Kf7 55. Qf4+ Kg7 56. Qd4+ Kh7 57. Qb4 Qd7 58. Qa5 Qd1
59. Qxb5 Qd2+ 60. Kh3 Qf4 61. Qd7+ Kg8 62. Qb7 Qf5+ 63. Kg2 Qf7 64. Qc8+ Kh7
65. Qc6 Qe7 66. Kh3 Kg7 67. Qc3+ Kf7 68. Kg3 Qd6+ 69. Kh3 Qe6+ 70. Kg3 Qf5 71.
Qc7+ Kg8 72. Qb7 Qe6 73. Qb8+ Kf7 74. Qc7+ Kf6 75. Qf4+ Kg7 76. Qc7+ Kf8 77.
Qd8+ Kg7 78. Qc7+ Kf6 79. Qf4+ Qf5 80. Qd6+ Kf7 81. Qc7+ Kf8 82. Qd8+ Kf7 83.
Qc7+ Ke6 84. Qc6+ Kf7 85. Qc7+ Kg8 86. Qd8+ Kg7 87. Qe7+ Kg8 88. Qe8+ Kg7 89.
Qe7+ Kg8 90. Qe8+ Kh7 91. Qe7+ Kh8 92. Qe8+ Kh7 93. Qe7+ Kg8 94. Qe8+ 1/2-1/2

[Event "XIV Corsicoscacchi FIDE"]
[Site "Corsico ITA"]
[Date "1997.10.12"]
[Round "6"]
[White "Ubezio, Marco"]
[Black "Mione, Dario"]
[Result "1/2-1/2"]
[WhiteElo "2185"]
[BlackElo "2295"]
[PlyCount "20"]
[EventDate "1997.10.04"]

1. d4 d5 2. Nf3 Nf6 3. c4 c6 4. e3 e6 5. Nc3 Nbd7 6. Qc2 Bd6 7. Bd3 Qc7 8. O-O
O-O 9. b3 b6 10. Bb2 Bb7 1/2-1/2

[Event "Open A"]
[Site "Finale Ligure ITA"]
[Date "1997.10.??"]
[Round "?"]
[White "Di Paolo, Raffaele"]
[Black "Vismara, Daniele"]
[Result "1-0"]
[WhiteElo "2285"]
[BlackElo "2235"]
[PlyCount "89"]
[EventDate "1997.10.03"]

1. e4 e6 2. d4 d5 3. Nd2 Nf6 4. e5 Nfd7 5. c3 c5 6. Bd3 Nc6 7. Ne2 cxd4 8. cxd4
f6 9. exf6 Nxf6 10. O-O Bd6 11. Nf3 Qc7 12. Bg5 O-O 13. Nc3 a6 14. Rc1 Ng4 15.
h3 Nh2 16. Nxh2 Bxh2+ 17. Kh1 Bf4 18. Bxf4 Rxf4 19. Ne2 Rf6 20. Qd2 Bd7 21. Qe3
Raf8 22. a3 Qd6 23. f4 Be8 24. b4 Bg6 25. Bxg6 Rxg6 26. Rf3 Rgf6 27. Rcf1 Ne7
28. Qe5 Qb6 29. Rc1 Nc6 30. Qd6 Qb5 31. Re3 e5 32. Qd7 exd4 33. Rc5 Qxc5 34.
bxc5 dxe3 35. Qxd5+ R6f7 36. Qe6 Kh8 37. Qxe3 Re7 38. Qf2 Rd8 39. Ng3 Rf8 40.
Nh5 h6 41. f5 Re5 42. Qg3 Rf7 43. f6 g5 44. Qd3 g4 45. Qg6 1-0

[Event "Open A"]
[Site "Finale Ligure ITA"]
[Date "1997.10.??"]
[Round "?"]
[White "Mrdja, Milan"]
[Black "Vismara, Daniele"]
[Result "1/2-1/2"]
[WhiteElo "2390"]
[BlackElo "2235"]
[PlyCount "37"]
[EventDate "1997.10.03"]

1. e4 e6 2. d4 d5 3. Nc3 Bb4 4. e5 c5 5. a3 Bxc3+ 6. bxc3 Qc7 7. Qg4 f5 8. Qg3
Ne7 9. Qxg7 Rg8 10. Qxh7 cxd4 11. Ne2 dxc3 12. f4 Qc5 13. Ng3 Kd8 14. Nh5 Kc7
15. Nf6 Rd8 16. h4 Nbc6 17. Bd3 Bd7 18. Qh5 d4 19. Qe2 1/2-1/2

[Event "VI Weekend A"]
[Site "Grammichele ITA"]
[Date "1997.10.05"]
[Round "4"]
[White "Tondo, Salvatore"]
[Black "Alaimo, Riccardo"]
[Result "0-1"]
[WhiteElo "2025"]
[BlackElo "2068"]
[PlyCount "58"]
[EventDate "1997.10.04"]

1. e4 c5 2. Nf3 d6 3. d4 cxd4 4. Nxd4 Nf6 5. f3 e5 6. Nb3 Be7 7. c4 O-O 8. Be3
Be6 9. Nc3 a5 10. Nd2 Nbd7 11. Be2 Nh5 12. Nd5 Bxd5 13. cxd5 Bg5 14. Nc4 Bxe3
15. Nxe3 Qh4+ 16. Kd2 Qg5 17. g4 Nhf6 18. h4 Qf4 19. Qg1 Nxd5 20. exd5 Qb4+ 21.
Kc1 Rfc8+ 22. Kb1 Nb6 23. Nc2 Rxc2 24. Kxc2 Rc8+ 25. Kd3 Nxd5 26. Rd1 Rc3+ 27.
bxc3 Qxc3+ 28. Ke4 Nf6+ 29. Kf5 Qc8+ 0-1

[Event "I Weekend"]
[Site "Pozzuoli ITA"]
[Date "1997.10.04"]
[Round "1"]
[White "Cocozza, Mario"]
[Black "Auletta, Angelo"]
[Result "1-0"]
[WhiteElo "2315"]
[BlackElo "2215"]
[PlyCount "65"]
[EventDate "1997.10.04"]

1. e4 c5 2. Nf3 e6 3. Nc3 Nc6 4. d4 cxd4 5. Nxd4 d6 6. Be2 Nf6 7. O-O a6 8. a4
Be7 9. Kh1 O-O 10. f4 Qc7 11. Bf3 Bd7 12. Nb3 b6 13. g4 Bc8 14. g5 Nd7 15. Bg2
Re8 16. Rf3 Bb7 17. Rh3 Nb4 18. Nd4 g6 19. Qg4 e5 20. Qh4 h5 21. Nf5 exf4 22.
Bxf4 Ne5 23. Nh6+ Kg7 24. Rf1 Rf8 25. Bxe5+ dxe5 26. Rhf3 f6 27. gxf6+ Rxf6 28.
Rxf6 Bxf6 29. Rxf6 Kxh6 30. Qf2 b5 31. Rf7 Qc6 32. Qe3+ g5 33. Qf2 1-0

[Event "XVIII Festival Magistrale"]
[Site "Asti ITA"]
[Date "1997.09.27"]
[Round "1"]
[White "Canelli, Daniele"]
[Black "Glek, Igor V."]
[Result "0-1"]
[WhiteElo "2065"]
[BlackElo "2505"]
[PlyCount "52"]
[EventDate "1997.09.27"]

1.d4 Nf6 2.c4 g6 3.Nc3 Bg7 4.Bg5 c5 5.e3 cxd4 6.exd4 d5 7.Qd2 O-O 8.Nf3 
Ne4 9.Qc2 Nxg5 10.Nxg5 e5 11.Nf3 exd4 12.Nxd5 Re8+ 13.Be2 Bf5 14.Qa4 d3 
15.O-O dxe2 16.Rfe1 Nc6 17.Qb5 Nd4 18.Nxd4 Bxd4 19.Rac1 Qh4 20.g3 Bxf2+ 
21.Kxf2 Qxh2+ 22.Kf3 Be4+ 23.Ke3 Bxd5+ 24.Kd4 Qf2+ 25.Kc3 Qe3+ 26.Kb4 a5+ 
0-1

[Event "XVIII Festival Magistrale"]
[Site "Asti ITA"]
[Date "1997.09.27"]
[Round "1"]
[White "Dubois, Martine"]
[Black "Dutreeuw, Marc"]
[Result "0-1"]
[WhiteElo "2010"]
[BlackElo "2400"]
[PlyCount "128"]
[EventDate "1997.09.27"]

1.e4 d5 2.exd5 Qxd5 3.Nc3 Qa5 4.d4 Bf5 5.Nf3 e6 6.Bd3 Nf6 7.O-O c6 8.Ne5 
Bxd3 9.Qxd3 Nbd7 10.Nxd7 Kxd7 11.Ne2 Be7 12.Bd2 Qb6 13.c3 Rhd8 14.a4 Qb3 
15.a5 a6 16.Be3 Ke8 17.Qb1 Qb5 18.Re1 Rd7 19.b3 g6 20.c4 Qf5 21.b4 Qxb1 
22.Raxb1 Ne4 23.Rec1 Rc8 24.Nf4 Bf6 25.f3 Nd6 26.g4 Bg5 27.Kf2 Bxf4 28.
Bxf4 f6 29.Bxd6 Rxd6 30.Re1 Kf7 31.Re4 f5 32.gxf5 exf5 33.Rh4 h5 34.b5 
cxb5 35.cxb5 Rc2+ 36.Kg3 Ra2 37.bxa6 bxa6 38.Rb6 Rxb6 39.axb6 Rb2 40.d5 
Rxb6 41.Rc4 Ke7 42.Kf4 Kd6 43.Rd4 a5 44.Kg5 Kc5 45.Ra4 Kb5 46.Rd4 Rd6 47.
Kf4 a4 48.Ke5 Rd8 49.d6 a3 50.Rd2 Kc4 51.Rg2 Kb3 52.Rxg6 a2 53.Rg1 Kb2 54.
Ke6 a1=Q 55.Rxa1 Kxa1 56.Ke7 Ra8 57.d7 Kb2 58.d8=Q Rxd8 59.Kxd8 Kc3 60.Ke7
Kd4 61.Kf6 f4 62.Kg5 Ke3 63.Kxh5 Kxf3 64.Kg6 Kg4 0-1

[Event "XVIII Festival Magistrale"]
[Site "Asti ITA"]
[Date "1997.09.27"]
[Round "1"]
[White "Fittante, Giuliana"]
[Black "Rossi, Giampiero"]
[Result "0-1"]
[WhiteElo "1749"]
[BlackElo "2150"]
[PlyCount "98"]
[EventDate "1997.09.27"]

1.d4 d5 2.c4 e6 3.Nc3 Nf6 4.Bg5 Nbd7 5.e3 c6 6.Nf3 Qa5 7.cxd5 Nxd5 8.Qd2 
N7b6 9.Bd3 Nxc3 10.bxc3 Nd5 11.O-O Qxc3 12.Qe2 Bd6 13.Rfc1 Qa5 14.Nd2 Nc3 
15.Qg4 Ne2+ 16.Bxe2 Qxd2 17.Bf3 Bd7 18.Bf4 Bxf4 19.Qxf4 Rc8 20.Qd6 Qa5 21.
h3 Qc7 22.Qa3 b6 23.Rab1 f6 24.Qb4 Kf7 25.Qc4 Qd6 26.Qb3 Rc7 27.a4 c5 28.
Qa3 Rhc8 29.a5 b5 30.dxc5 Rxc5 31.Rd1 Qe7 32.Qd3 Bc6 33.Bxc6 R8xc6 34.Rxb5
Rxb5 35.Qxb5 Rc5 36.Qd7 Rxa5 37.Qc6 Rc5 38.Qe4 f5 39.Qa4 Rc7 40.Qd4 h6 41.
Qa4 Kg6 42.Qa6 Rd7 43.Ra1 Kf7 44.Kf1 Qd8 45.Ke1 Qb6 46.Qa4 Rc7 47.Qa3 a5 
48.Qxa5 Rc1+ 49.Kd2 Qb2+ 0-1

[Event "XVIII Festival Magistrale"]
[Site "Asti ITA"]
[Date "1997.09.27"]
[Round "1"]
[White "Flear, Glenn Curtis"]
[Black "Fuggetta, Leonardo"]
[Result "1-0"]
[WhiteElo "2475"]
[BlackElo "2065"]
[PlyCount "75"]
[EventDate "1997.09.27"]

1.d4 g6 2.e4 Bg7 3.c4 Nc6 4.Be3 d6 5.Nc3 e5 6.d5 Nce7 7.g4 f5 8.gxf5 gxf5 
9.Qh5+ Kf8 10.Bh3 Nf6 11.Qf3 Ng6 12.Bg5 f4 13.O-O-O Bxh3 14.Qxh3 Qc8 15.
Qxc8+ Rxc8 16.Bxf6 Bxf6 17.Nf3 Kf7 18.Kd2 a6 19.Ke2 Rcg8 20.Rhg1 Nf8 21.
Rxg8 Rxg8 22.b4 Nd7 23.Rc1 Be7 24.h3 h5 25.a3 Re8 26.Na4 Bd8 27.c5 Nf6 28.
Ng5+ Ke7 29.Kf3 Rg8 30.Ne6 Ne8 31.cxd6+ cxd6 32.Rc8 Nf6 33.Rb8 b5 34.Rb7+ 
Nd7 35.Nac5 dxc5 36.Nxc5 Bc7 37.Rxc7 Rd8 38.Ra7 1-0

[Event "XVIII Festival Magistrale"]
[Site "Asti ITA"]
[Date "1997.09.27"]
[Round "1"]
[White "Frank, Albert"]
[Black "Arlandi, Ennio"]
[Result "0-1"]
[WhiteElo "2050"]
[BlackElo "2470"]
[PlyCount "54"]
[EventDate "1997.09.27"]

1.c4 e6 2.Nc3 d5 3.Nf3 Nf6 4.d4 Bb4 5.Qa4+ Nc6 6.Ne5 Bd7 7.Nxc6 Bxc3+ 8.
bxc3 Bxc6 9.Qa3 dxc4 10.f3 Nh5 11.g3 f5 12.Bh3 Nf6 13.O-O Qd6 14.e4 Qxa3 
15.Bxa3 g6 16.d5 exd5 17.exf5 Kf7 18.Rfe1 Rhe8 19.fxg6+ hxg6 20.Bc5 Bd7 
21.Bg2 Bf5 22.Bd4 b6 23.g4 Bd3 24.Kf2 Rad8 25.h4 c5 26.Bxf6 Kxf6 27.g5+ 
Kf7 0-1

[Event "XVIII Festival Magistrale"]
[Site "Asti ITA"]
[Date "1997.09.27"]
[Round "1"]
[White "Luther, Thomas"]
[Black "Mollero, Michele"]
[Result "1-0"]
[WhiteElo "2525"]
[BlackElo "2095"]
[PlyCount "47"]
[EventDate "1997.09.27"]

1.e4 c6 2.d4 d5 3.Nd2 dxe4 4.Nxe4 Nd7 5.Nf3 Ngf6 6.Nxf6+ Nxf6 7.c3 Bf5 8.
Ne5 e6 9.g4 Bg6 10.h4 Nd7 11.Nxd7 Qxd7 12.h5 Be4 13.f3 Bd5 14.c4 Bxf3 15.
Qxf3 Bb4+ 16.Bd2 Bxd2+ 17.Kxd2 Qxd4+ 18.Kc2 O-O-O 19.Rd1 Qxd1+ 20.Qxd1 
Rxd1 21.Kxd1 Rd8+ 22.Kc2 Rd4 23.Be2 h6 24.Rd1 1-0

[Event "XVIII Festival Magistrale"]
[Site "Asti ITA"]
[Date "1997.09.27"]
[Round "1"]
[White "Ricca, Roberto"]
[Black "Korneev, Oleg"]
[Result "0-1"]
[WhiteElo "2145"]
[BlackElo "2565"]
[PlyCount "32"]
[EventDate "1997.09.27"]

1.f4 d5 2.Nf3 Nc6 3.g3 Bg4 4.Bg2 Bxf3 5.Bxf3 e5 6.d3 Nf6 7.Nc3 Bc5 8.Bg2 
Bd4 9.e3 Bb6 10.fxe5 Nxe5 11.Nxd5 Nxd5 12.Qh5 Qd6 13.d4 Nb4 14.dxe5 Nxc2+ 
15.Ke2 Qc5 16.Bd2 Rd8 0-1

[Event "XVIII Festival Magistrale"]
[Site "Asti ITA"]
[Date "1997.09.27"]
[Round "1"]
[White "Saccona, Silvano"]
[Black "Quagliana, Giuseppe"]
[Result "1-0"]
[WhiteElo "2155"]
[BlackElo "1914"]
[PlyCount "127"]
[EventDate "1997.09.27"]

1.Nf3 d6 2.d4 f5 3.c4 Nf6 4.Nc3 c6 5.e3 Qc7 6.b3 e5 7.Bb2 Be7 8.Ne2 e4 9.
Nd2 Be6 10.Nf4 Bf7 11.Be2 O-O 12.h4 Nbd7 13.g4 fxg4 14.Bxg4 Nxg4 15.Qxg4 
Nf6 16.Qg2 d5 17.Rg1 Ne8 18.h5 Bd6 19.h6 g6 20.Nh3 Be6 21.c5 Bxh3 22.Qxh3 
Qf7 23.Rf1 Bc7 24.O-O-O Ba5 25.Kc2 Bxd2 26.Rxd2 Nc7 27.Bc3 a5 28.a4 Ne6 
29.Rg1 Qf5 30.Qg3 Rf6 31.Kb2 Qf3 32.Qh2 Qf5 33.Rc2 Qf3 34.Rg3 Qf5 35.Qh1 
Ng5 36.Qg2 Nf3 37.Qh1 Kf7 38.Ka3 Kg8 39.Rb2 Ra7 40.Qf1 Qc8 41.Qg2 Kf7 42.
Rh3 Kg8 43.Rh1 Rf5 44.Qg3 Rf6 45.Rhb1 g5 46.Rh1 Rg6 47.Rbb1 Qd8 48.Qg4 Ra8
49.Rh3 Qe8 50.Qg3 Qd7 51.Rh5 Qe7 52.Rbh1 b6 53.Ka2 bxc5 54.dxc5 Qxc5 55.
Rc1 Qd6 56.Qh3 c5 57.Bb2 Rb8 58.Qf5 Rf8 59.Qh3 Qb6 60.Qd7 Rd8 61.Qe7 Nd2 
62.Rc3 d4 63.Rxg5 Rd6 64.Qe8# 1-0

[Event "XVIII Festival Magistrale"]
[Site "Asti ITA"]
[Date "1997.09.28"]
[Round "2"]
[White "Arlandi, Ennio"]
[Black "Saccona, Silvano"]
[Result "1-0"]
[WhiteElo "2470"]
[BlackElo "2155"]
[PlyCount "107"]
[EventDate "1997.09.27"]

1.d4 c6 2.c4 d5 3.Nc3 Nf6 4.e3 e6 5.Nf3 Nbd7 6.Qc2 Qc7 7.Bd3 Be7 8.b3 b6 
9.Bb2 Ba6 10.O-O Rc8 11.e4 dxe4 12.Nxe4 O-O 13.Ne5 Nxe5 14.dxe5 Nxe4 15.
Bxe4 g6 16.Rad1 Rfd8 17.Qe2 Bb7 18.Qf3 Rb8 19.g3 Bf8 20.Qe2 c5 21.Bxb7 
Qxb7 22.Bc1 Be7 23.Bh6 a5 24.h4 Qc6 25.a4 Qb7 26.Kh2 Qc6 27.Rh1 Qb7 28.
Rhe1 Qa8 29.Qe3 Rxd1 30.Rxd1 Rd8 31.Rxd8+ Bxd8 32.Qd3 Be7 33.Qd7 Qd8 34.
Qxd8+ Bxd8 35.Kg2 Be7 36.Kf3 Bd8 37.Kg4 Be7 38.Kf4 Bd8 39.Ke3 Be7 40.Ke4 
Bd8 41.Kf4 Be7 42.Kg4 Bd8 43.h5 Be7 44.Bg5 Bxg5 45.Kxg5 gxh5 46.Kxh5 Kg7 
47.Kg5 Kg8 48.Kf6 Kf8 49.g4 h6 50.f4 Kg8 51.Ke7 Kg7 52.f5 exf5 53.gxf5 h5 
54.f6+ 1-0

[Event "XVIII Festival Magistrale"]
[Site "Asti ITA"]
[Date "1997.09.28"]
[Round "2"]
[White "Crea, Vincenzo"]
[Black "Flear, Glenn Curtis"]
[Result "1/2-1/2"]
[WhiteElo "2155"]
[BlackElo "2475"]
[PlyCount "95"]
[EventDate "1997.09.27"]

1.d4 d5 2.Nf3 Nf6 3.Bf4 c5 4.e3 Nc6 5.c3 Qb6 6.Qb3 c4 7.Qc2 Bf5 8.Qc1 h6 
9.h3 e6 10.Nbd2 Qd8 11.b4 Bxb4 12.cxb4 Nxb4 13.Be2 Nc2+ 14.Kf1 Nxa1 15.
Qxa1 b5 16.g4 Bh7 17.Kg2 b4 18.Ne5 O-O 19.h4 Be4+ 20.Nxe4 Nxe4 21.g5 f6 
22.Ng6 Rf7 23.gxh6 gxh6 24.h5 Kg7 25.Bg4 Qb6 26.Qb1 Re8 27.Rg1 e5 28.dxe5 
fxe5 29.Bg3 a5 30.Qd1 Nxg3 31.Kxg3 d4 32.e4 d3 33.Bf5 Rxf5 34.exf5 e4 35.
Qg4 Kh7 36.Kg2 Qf6 37.Kh3 c3 38.Ne7 c2 39.Ng8 Qf7 40.Nxh6 Kxh6 41.Qf4+ Kh7
42.Rg6 Qf8 43.f6 Re7 44.Qf5 Kh8 45.Rh6+ Kg8 46.Rg6+ Kh8 47.Rh6+ Kg8 48.
Rg6+ 1/2-1/2